00247nam a2200085Ia 4500008004100000100002400041245004500065260004200110260000900152170620s9999 xx 000 0 und d aBala- Jampala Madhu 0aMethods of Teaching Exceptional Children bNew Delhi- Discovery Publishing House c2004